Capoluoghi di Provincia contenenti la lettera L - Statistics

Statistiche generali
  • Questo quiz è stato fatto 94 volte
  • Il punteggio medio è 24 su 27
Statistiche sulle risposte
Lunghezza in lettere Capoluogo % Corretto
7 Livorno
98%
5 Lecce
97%
5 Lecco
97%
7 L'Aquila
95%
11 Alessandria
93%
8 La Spezia
93%
6 Latina
93%
4 Lodi
93%
5 Lucca
93%
8 Cagliari
90%
13 Caltanissetta
90%
7 Belluno
89%
7 Bolzano
89%
6 Milano
89%
6 Biella
87%
7 Palermo
87%
7 Bologna
85%
6 Napoli
85%
8 Avellino
84%
8 Vercelli
84%
12 Ascoli Piceno
82%
14 Reggio Calabria
82%
7 Salerno
82%
12 Reggio Emilia
80%
8 Barletta
77%
12 Vibo Valentia
75%
5 Forlì
69%
Nessun quiz corrispondente trovato
Distribuzione punteggi
Percentuale di utenti per punteggio
Percentile per numero di risposta
I tuoi punteggi nel tempo
Non hai fatto questo quiz